<?xml version="1.0" encoding="UTF-8"?>
<record
    xmlns:xsi="http://www.w3.org/2001/XMLSchema-instance"
    xsi:schemaLocation="http://www.loc.gov/MARC21/slim http://www.loc.gov/standards/marcxml/schema/MARC21slim.xsd"
    xmlns="http://www.loc.gov/MARC21/slim">

  <leader>00518nas a2200193Ia 4500</leader>
  <controlfield tag="001">128</controlfield>
  <controlfield tag="008">151030s9999    xx            000 0 und d</controlfield>
  <datafield tag="022" ind1=" " ind2=" ">
    <subfield code="a">21456038</subfield>
  </datafield>
  <datafield tag="041" ind1="0" ind2=" ">
    <subfield code="a">Espa&#xF1;ol</subfield>
  </datafield>
  <datafield tag="245" ind1="1" ind2="0">
    <subfield code="a">Vida nueva: Una palabra comprometida en la iglesia</subfield>
  </datafield>
  <datafield tag="260" ind1=" " ind2=" ">
    <subfield code="a">Colombia : Delf&#xED;n Ltda.</subfield>
  </datafield>
  <datafield tag="310" ind1=" " ind2=" ">
    <subfield code="a">Mensual</subfield>
  </datafield>
  <datafield tag="541" ind1=" " ind2=" ">
    <subfield code="a">Varios</subfield>
    <subfield code="c">Compra</subfield>
    <subfield code="d"></subfield>
    <subfield code="h">0</subfield>
  </datafield>
  <datafield tag="590" ind1=" " ind2=" ">
    <subfield code="a">Mensual</subfield>
  </datafield>
  <datafield tag="591" ind1=" " ind2=" ">
    <subfield code="a">FALSO</subfield>
  </datafield>
  <datafield tag="592" ind1=" " ind2=" ">
    <subfield code="a">Milton Acosta (Pablo Moreno)</subfield>
  </datafield>
  <datafield tag="362" ind1="1" ind2=" ">
    <subfield code="a">No. 27 (may. - jun., 2011) - No. 28 (jun.,2011)&#xCC;</subfield>
  </datafield>
  <datafield tag="942" ind1=" " ind2=" ">
    <subfield code="c">CR</subfield>
  </datafield>
  <datafield tag="952" ind1=" " ind2=" ">
    <subfield code="0">0</subfield>
    <subfield code="1">0</subfield>
    <subfield code="4">0</subfield>
    <subfield code="7">0</subfield>
    <subfield code="8">HEM</subfield>
    <subfield code="a">FUSBC</subfield>
    <subfield code="b">FUSBC</subfield>
    <subfield code="d">2012-07-13</subfield>
    <subfield code="h">A&#xF1;o 2011. Volumen 0. Numero 27</subfield>
    <subfield code="l">0</subfield>
    <subfield code="o"> </subfield>
    <subfield code="p">R1919</subfield>
    <subfield code="r">2016-01-26 00:00:00</subfield>
    <subfield code="t">0</subfield>
    <subfield code="w">2016-01-26</subfield>
    <subfield code="y">CR</subfield>
    <subfield code="D">2011</subfield>
    <subfield code="E">0</subfield>
    <subfield code="F">27</subfield>
  </datafield>
  <datafield tag="952" ind1=" " ind2=" ">
    <subfield code="0">0</subfield>
    <subfield code="1">0</subfield>
    <subfield code="4">0</subfield>
    <subfield code="7">0</subfield>
    <subfield code="8">HEM</subfield>
    <subfield code="a">FUSBC</subfield>
    <subfield code="b">FUSBC</subfield>
    <subfield code="d">2013-07-03</subfield>
    <subfield code="h">A&#xF1;o 2011. Volumen 0. Numero 28</subfield>
    <subfield code="l">0</subfield>
    <subfield code="o"> </subfield>
    <subfield code="p">R1920</subfield>
    <subfield code="r">2016-01-26 00:00:00</subfield>
    <subfield code="t">0</subfield>
    <subfield code="w">2016-01-26</subfield>
    <subfield code="y">CR</subfield>
    <subfield code="D">2011</subfield>
    <subfield code="E">0</subfield>
    <subfield code="F">28</subfield>
  </datafield>
  <datafield tag="999" ind1=" " ind2=" ">
    <subfield code="c">49440</subfield>
    <subfield code="d">49440</subfield>
  </datafield>
</record>
